Statistics for 2022 World Cup possible squads: USA

Click here to take the quiz!

General Stats

  • This quiz has been taken 56 times
  • The average score is 12 of 27

Answer Stats

RoleClubPlayer Name% Correct
MidfielderChelseaChristian Pulisic
94%
GoalkeeperMan CityZack Steffen
78%
MidfielderJuventusWeston McKennie
76%
DefenderBarcelonaSergiño Dest
74%
MidfielderRB LeipzigTyler Adams
72%
ForwardLille OSCTimothy Weah
66%
MidfielderDortmundGiovanni Reyna
60%
ForwardNorwich CityJoshua Sargent
58%
MidfielderRB Salzburg > LeedsBrenden Aaronson
56%
DefenderFulhamAntonee Robinson
52%
DefenderAtlanta UtdMiles Robinson
50%
MidfielderValenciaYunus Musah
44%
DefenderFulhamTim Ream
42%
GoalkeeperNew York City FCSean Johnson
40%
Coach-Gregg Berhalter
38%
ForwardAugsburgRicardo Pepi
36%
DefenderInter MiamiDeAndre Yedlin
30%
DefenderM'gladbachJoseph Scally
26%
ForwardWest BromDaryl Dike
24%
MidfielderVeneziaGianluca Busio
24%
ForwardYoung BoysJordan Siebatcheu
24%
DefenderHoffenheim (LOAN)Chris Richards
22%
DefenderGenkMark McKenzie
20%
MidfielderDallasPaul Arriola
14%
GoalkeeperHouston DynamoSteve Clark
12%
MidfielderWolfsburgKevin Paredes
10%
MidfielderClub BruggeOwen Otasowie
8%

Score Distribution

Percentile by Number Answered

Percent of People with Each Score

Your Score History

You have not taken this quiz